[Event "Szuperliga - GM Szabo Laszlo"]
[Site "Tapolca"]
[Date "2024.05.12"]
[Round "9.10"]
[White "Toth, Barnabas"]
[Black "Csernyik, Mark"]
[Result "0-1"]
[WhiteElo "1959"]
[BlackElo "2198"]
[PlyCount "76"]
[EventDate "2023.10.28"]
[EventType "team-tourn"]
[EventRounds "9"]
[EventCountry "HUN"]
[Source "chess.hu"]
[WhiteTeam "Tapolca Varosi VSE"]
[BlackTeam "Aquarena Kobanya SC"]
[WhiteTeamCountry "HUN"]
[BlackTeamCountry "HUN"]

1. d4 Nf6 2. c4 g6 3. g3 Bg7 4. Bg2 O-O 5. Nc3 d6 6. Nf3 c5 7. O-O Nc6 8. a3
cxd4 9. Nxd4 Bd7 10. Nc2 Qc8 11. Ne3 Bh3 12. Rb1 Bxg2 13. Kxg2 Ne5 14. b3 Qc6+
15. f3 e6 16. Bb2 Rfd8 17. Nc2 b6 18. e4 a5 19. Nd4 Qb7 20. Qe2 Nc6 21. Ndb5 d5
22. e5 Ne8 23. Na4 d4 24. Rfd1 Bxe5 25. c5 bxc5 26. Nxc5 Qe7 27. Rbc1 Rac8 28.
Nd3 Bg7 29. f4 Nf6 30. Ne5 Nxe5 31. fxe5 Rxc1 32. Bxc1 Ng4 33. Rxd4 Nxe5 34.
Bb2 Qb7+ 35. Kh3 Rxd4 36. Bxd4 Nf3 37. Be3 Qe4 38. g4 Ng1+ 0-1

[Event "Szuperliga - GM Szabo Laszlo"]
[Site "Ajka"]
[Date "2024.05.12"]
[Round "9.1"]
[White "Mazur, Stefan"]
[Black "Sjugirov, Sanan"]
[Result "0-1"]
[WhiteElo "2444"]
[BlackElo "2692"]
[PlyCount "72"]
[EventDate "2023.10.28"]
[EventType "team-tourn"]
[EventRounds "9"]
[EventCountry "HUN"]
[Source "chess.hu"]
[WhiteTeam "Viadukt Biatorbagy"]
[BlackTeam "Sentimento Ajka BSK"]
[WhiteTeamCountry "HUN"]
[BlackTeamCountry "HUN"]

1. e4 c5 2. Nf3 d6 3. Nc3 a6 4. d4 cxd4 5. Qxd4 Nc6 6. Qe3 e6 7. Be2 Nf6 8. O-O
Be7 9. Rd1 O-O 10. Nd4 Qc7 11. Qg3 Kh8 12. Nxc6 bxc6 13. Bf4 e5 14. Bg5 Be6 15.
Rd3 Qb8 16. b3 d5 17. Bxf6 Bxf6 18. Bg4 Qb4 19. Bxe6 fxe6 20. Qg4 Rae8 21. Na4
Bd8 22. Rad1 Rf4 23. Qh5 Ref8 24. Qxe5 Rxf2 25. c3 Qa3 26. Rg3 R2f7 27. Rf3 Bc7
28. Qxe6 Rxf3 29. gxf3 Qxa2 30. e5 Qe2 31. Rf1 Bxe5 32. Qh3 Bxc3 33. Nxc3 Qe3+
34. Kg2 Qxc3 35. Qd7 h6 36. Qb7 a5 0-1

[Event "Szuperliga - GM Szabo Laszlo"]
[Site "Ajka"]
[Date "2024.05.12"]
[Round "9.2"]
[White "Pechac, Jergus"]
[Black "Sipos, Istvan"]
[Result "0-1"]
[WhiteElo "2591"]
[BlackElo "2449"]
[PlyCount "62"]
[EventDate "2023.10.28"]
[EventType "team-tourn"]
[EventRounds "9"]
[EventCountry "HUN"]
[Source "chess.hu"]
[WhiteTeam "Sentimento Ajka BSK"]
[BlackTeam "Viadukt Biatorbagy"]
[WhiteTeamCountry "HUN"]
[BlackTeamCountry "HUN"]

1. e4 e6 2. d4 d5 3. e5 c5 4. c3 Nc6 5. Nf3 Bd7 6. Be2 f6 7. O-O fxe5 8. Nxe5
Nxe5 9. dxe5 Qc7 10. Re1 O-O-O 11. Bf1 Nh6 12. a4 Nf7 13. Na3 a6 14. Bf4 g5 15.
Bg3 h5 16. h3 g4 17. Bh4 Bg7 18. b4 gxh3 19. g3 h2+ 20. Kxh2 Nxe5 21. b5 Rdf8
22. f4 Ng4+ 23. Kg2 c4 24. Qf3 Bf6 25. Bxf6 Rxf6 26. Rad1 a5 27. Rd4 Kb8 28. b6
Qc6 29. Nb5 Qxb6 30. Bxc4 Bc6 31. Bd3 e5 0-1

[Event "Szuperliga - GM Szabo Laszlo"]
[Site "Ajka"]
[Date "2024.05.12"]
[Round "9.3"]
[White "Bokros, Albert"]
[Black "Banusz, Tamas"]
[Result "0-1"]
[WhiteElo "2412"]
[BlackElo "2623"]
[PlyCount "141"]
[EventDate "2023.10.28"]
[EventType "team-tourn"]
[EventRounds "9"]
[EventCountry "HUN"]
[Source "chess.hu"]
[WhiteTeam "Viadukt Biatorbagy"]
[BlackTeam "Sentimento Ajka BSK"]
[WhiteTeamCountry "HUN"]
[BlackTeamCountry "HUN"]

1. e4 e5 2. Nf3 Nc6 3. Bb5 a6 4. Ba4 d6 5. d4 b5 6. Bb3 Nxd4 7. Nxd4 exd4 8. c3
d3 9. Qxd3 Nf6 10. O-O Be7 11. Qg3 O-O 12. Bh6 Ng4 13. Bf4 Bf6 14. Nd2 Ne5 15.
Nf3 Nxf3+ 16. Qxf3 Bb7 17. Bd5 Bxd5 18. exd5 Qd7 19. Rfe1 Rfe8 20. h3 Qf5 21.
Rac1 g5 22. Bd2 Qxf3 23. gxf3 Kg7 24. f4 h6 25. Kg2 Kg6 26. Kf3 Kf5 27. Re3 Rg8
28. Rg1 Rab8 29. Re4 Rbe8 30. Rxe8 Rxe8 31. Be3 a5 32. Bd2 Rb8 33. Rc1 gxf4 34.
Bxf4 h5 35. Be3 a4 36. a3 Re8 37. Bd4 Bg5 38. Be3 Bf6 39. Bd4 Bg5 40. Be3 Bxe3
41. fxe3 Re4 42. Rg1 Rh4 43. Kg3 Rc4 44. Kf3 Rh4 45. Kg3 Kg5 46. Rf1 Re4 47.
Kf3 Re5 48. Rg1+ Kh4 49. Rg7 Rf5+ 50. Kg2 Rxd5 51. Rxf7 Rd2+ 52. Kf3 c5 53. c4
Kxh3 54. cxb5 Rxb2 55. Rf4 Rxb5 56. Rxa4 d5 57. Ra8 c4 58. Rc8 Ra5 59. Kf4 Rxa3
60. e4 dxe4 61. Rxc4 Rg3 62. Rc5 Rg4+ 63. Ke3 h4 64. Rc1 Kg2 65. Rc2+ Kg3 66.
Rc1 h3 67. Rg1+ Kh4 68. Rh1 Rg2 69. Ra1 h2 70. Ra8 Rg5 71. Kd4 0-1

[Event "Szuperliga - GM Szabo Laszlo"]
[Site "Ajka"]
[Date "2024.05.12"]
[Round "9.4"]
[White "Lagarde, Maxime"]
[Black "Bagi, Mate"]
[Result "1-0"]
[WhiteElo "2624"]
[BlackElo "2425"]
[PlyCount "85"]
[EventDate "2023.10.28"]
[EventType "team-tourn"]
[EventRounds "9"]
[EventCountry "HUN"]
[Source "chess.hu"]
[WhiteTeam "Sentimento Ajka BSK"]
[BlackTeam "Viadukt Biatorbagy"]
[WhiteTeamCountry "HUN"]
[BlackTeamCountry "HUN"]

1. e4 e5 2. Nf3 Nc6 3. Bc4 Nf6 4. d3 Bc5 5. c3 d6 6. Bg5 h6 7. Bh4 a6 8. a4 Ba7
9. Nbd2 Qe7 10. O-O g5 11. Bg3 Nd7 12. d4 h5 13. h4 g4 14. Ne1 exd4 15. cxd4
Nxd4 16. Nd3 Ne5 17. Rc1 Nxd3 18. Bxd3 Be6 19. Nc4 Nc6 20. Qd2 Bc5 21. Ne3 Bxe3
22. Qxe3 Ne5 23. Be2 f6 24. b4 c6 25. Rfd1 Rd8 26. Rd2 O-O 27. Rcd1 Kh7 28. Bf4
Rd7 29. Qc3 Rfd8 30. Be3 Rg8 31. Bd4 Rf8 32. Re1 Rg8 33. Bd1 Qg7 34. Re3 Rf8
35. Rg3 Ng6 36. f3 Nxh4 37. fxg4 hxg4 38. Rf2 Rdf7 39. Rf4 Ng6 40. Rfxg4 Bxg4
41. Bxg4 Nf4 42. Qf3 Qh6 43. Bf5+ 1-0

[Event "Szuperliga - GM Szabo Laszlo"]
[Site "Ajka"]
[Date "2024.05.12"]
[Round "9.5"]
[White "Torma, Robert"]
[Black "Prohaszka, Peter"]
[Result "1/2-1/2"]
[WhiteElo "2415"]
[BlackElo "2581"]
[PlyCount "78"]
[EventDate "2023.10.28"]
[EventType "team-tourn"]
[EventRounds "9"]
[EventCountry "HUN"]
[Source "chess.hu"]
[WhiteTeam "Viadukt Biatorbagy"]
[BlackTeam "Sentimento Ajka BSK"]
[WhiteTeamCountry "HUN"]
[BlackTeamCountry "HUN"]

1. d4 d5 2. c4 e6 3. Nf3 Nf6 4. g3 Nc6 5. Bg2 Bd6 6. O-O O-O 7. c5 Be7 8. a3 a5
9. Nc3 b6 10. cxb6 cxb6 11. Bf4 Ba6 12. Re1 Rc8 13. Rc1 h6 14. h3 b5 15. Ne5
Nxe5 16. dxe5 Nd7 17. e4 d4 18. Qxd4 g5 19. Be3 Bc5 20. Qd1 Bxe3 21. Rxe3 Nxe5
22. Bf1 Qxd1 23. Rxd1 Nc4 24. Bxc4 Rxc4 25. Rd6 Ra8 26. b3 Rc7 27. Rb6 b4 28.
axb4 axb4 29. Rxb4 Rac8 30. Rb6 Rxc3 31. Rxc3 Rxc3 32. Rxa6 Rxb3 33. Kg2 Kg7
34. Ra5 Kf6 35. g4 Rb8 36. Kg3 Kg6 37. f3 Rb3 38. Rc5 Ra3 39. Rb5 Rc3 1/2-1/2

[Event "Szuperliga - GM Szabo Laszlo"]
[Site "Ajka"]
[Date "2024.05.12"]
[Round "9.6"]
[White "Balog, Imre"]
[Black "Vanczak, Tamas"]
[Result "1-0"]
[WhiteElo "2622"]
[BlackElo "2412"]
[PlyCount "111"]
[EventDate "2023.10.28"]
[EventType "team-tourn"]
[EventRounds "9"]
[EventCountry "HUN"]
[Source "chess.hu"]
[WhiteTeam "Sentimento Ajka BSK"]
[BlackTeam "Viadukt Biatorbagy"]
[WhiteTeamCountry "HUN"]
[BlackTeamCountry "HUN"]

1. d4 Nf6 2. c4 e6 3. Nc3 Bb4 4. Qc2 Nc6 5. Nf3 d6 6. Bd2 O-O 7. a3 Bxc3 8.
Bxc3 Qe7 9. e3 e5 10. d5 Nb8 11. Be2 Bg4 12. h3 Bh5 13. e4 Bg6 14. Bd3 Nbd7 15.
b4 c6 16. dxc6 bxc6 17. Nh4 d5 18. Nxg6 fxg6 19. c5 Nh5 20. Bd2 Nf4 21. O-O d4
22. Ba6 Rad8 23. Kh2 Kh8 24. g3 Ne6 25. Kg2 Qf6 26. Qd1 Qe7 27. Bd3 Nf4+ 28.
gxf4 exf4 29. Rg1 Ne5 30. Qf1 Qe6 31. f3 g5 32. Bb1 Rf6 33. Ba2 Qc8 34. Kh2 Rg6
35. Rd1 Rf8 36. Bc1 g4 37. Rxg4 Nxg4+ 38. hxg4 Qd8 39. Qf2 h5 40. Rh1 hxg4 41.
Kg2+ Rh6 42. Rxh6+ gxh6 43. Bb2 Kh7 44. Be6 d3 45. Bc3 gxf3+ 46. Kxf3 Qg5 47.
Bf5+ Kg8 48. Qa2+ Rf7 49. Qg2 Kf8 50. Qg4 Ke7 51. Qxf4 Qxf4+ 52. Kxf4 Rf8 53.
Ke3 h5 54. Be5 Rg8 55. b5 cxb5 56. c6 1-0

[Event "Szuperliga - GM Szabo Laszlo"]
[Site "Ajka"]
[Date "2024.05.12"]
[Round "9.7"]
[White "Pribelszky, Bence"]
[Black "Neugebauer, Martin"]
[Result "1/2-1/2"]
[WhiteElo "2363"]
[BlackElo "2511"]
[PlyCount "88"]
[EventDate "2023.10.28"]
[EventType "team-tourn"]
[EventRounds "9"]
[EventCountry "HUN"]
[Source "chess.hu"]
[WhiteTeam "Viadukt Biatorbagy"]
[BlackTeam "Sentimento Ajka BSK"]
[WhiteTeamCountry "HUN"]
[BlackTeamCountry "HUN"]

1. Nf3 Nf6 2. g3 g6 3. b3 Bg7 4. Bb2 O-O 5. Bg2 d5 6. c4 dxc4 7. bxc4 c5 8. O-O
Nc6 9. Nc3 e5 10. Ba3 Nd7 11. Rb1 b6 12. Ng5 Bb7 13. Nge4 Na5 14. d3 Re8 15.
Bb2 Nf8 16. Nd2 Bxg2 17. Kxg2 Ne6 18. Nd5 Nc6 19. e4 Ned4 20. Bxd4 Nxd4 21. Nb3
Ne6 22. a4 Rb8 23. Ra1 Rf8 24. Ra2 Qd7 25. Nd2 f5 26. f3 Rf7 27. a5 b5 28. cxb5
Rxb5 29. Nc4 Nd4 30. Raf2 Rb3 31. Rb2 Rxb2+ 32. Nxb2 Qd8 33. Nc4 Rb7 34. Rf2
Rb3 35. Ra2 Qb8 36. Ra1 Kh8 37. a6 h6 38. Rc1 Qb5 39. Ra1 Nc6 40. Nc7 Qb4 41.
Nd5 Qb8 42. Rc1 Nd4 43. Ra1 Kh7 44. Nde3 Qc8 1/2-1/2

[Event "Szuperliga - GM Szabo Laszlo"]
[Site "Ajka"]
[Date "2024.05.12"]
[Round "9.8"]
[White "Korpa, Bence"]
[Black "Szikszai, Bertalan"]
[Result "1-0"]
[WhiteElo "2544"]
[BlackElo "2278"]
[PlyCount "165"]
[EventDate "2023.10.28"]
[EventType "team-tourn"]
[EventRounds "9"]
[EventCountry "HUN"]
[Source "chess.hu"]
[WhiteTeam "Sentimento Ajka BSK"]
[BlackTeam "Viadukt Biatorbagy"]
[WhiteTeamCountry "HUN"]
[BlackTeamCountry "HUN"]

1. Nf3 c5 2. g3 Nc6 3. Bg2 g6 4. O-O Bg7 5. e4 e5 6. d3 Nge7 7. c3 d6 8. a3 O-O
9. b4 a6 10. bxc5 dxc5 11. a4 h6 12. Na3 Be6 13. Rb1 Rb8 14. Qc2 Qd7 15. Be3 b6
16. Nc4 b5 17. axb5 axb5 18. Ncd2 Rfd8 19. Bxc5 Qxd3 20. Qxd3 Rxd3 21. Rfc1 Rd7
22. Bf1 Rdb7 23. Rb2 Nc8 24. Rcb1 N8a7 25. Nc4 Bg4 26. Kg2 Bxf3+ 27. Kxf3 Bf8
28. Bxf8 Kxf8 29. Nd6 Rc7 30. Nxb5 Nxb5 31. Rxb5 Rbc8 32. Rc5 Nd8 33. Rxc7 Rxc7
34. Rb3 Ne6 35. Ke3 Ke7 36. h4 Kd6 37. Bd3 Nc5 38. Rb6+ Rc6 39. Rxc6+ Kxc6 40.
Bc4 f6 41. Bf7 g5 42. Bh5 Ne6 43. Bg4 Ng7 44. Bd1 Kd6 45. Bb3 gxh4 46. gxh4 Nh5
47. Bf7 Nf4 48. Kf3 Ke7 49. Bb3 Nh5 50. Bd5 Kd6 51. Bf7 Ng7 52. Ke3 Ke7 53. Bb3
Kd6 54. Bd5 Nh5 55. Bf7 Nf4 56. Kf3 Ke7 57. Bd5 Nh5 58. c4 Kd6 59. Bf7 Ng7 60.
Ke3 Ke7 61. Bg6 Kd6 62. Kf3 Ne6 63. Kg4 Ng7 64. f4 Kc5 65. Bf7 Kd6 66. f5 Ke7
67. Bg6 Kd6 68. h5 Kc6 69. Kg3 Kd6 70. Kf2 Kc5 71. Bf7 Kd6 72. Ke3 Kc5 73. Kd3
Kb4 74. Bg6 Ka5 75. Kc3 Ka4 76. Bf7 Ka5 77. Kb3 Kb6 78. Kb4 Kc6 79. c5 Kd7 80.
Kb5 Ke7 81. Bg6 Kd7 82. Kb6 Kc8 83. Kc6 1-0

[Event "Szuperliga - GM Szabo Laszlo"]
[Site "Ajka"]
[Date "2024.05.12"]
[Round "9.9"]
[White "Csoke, Krisztian"]
[Black "Pasti, Aron"]
[Result "1/2-1/2"]
[WhiteElo "2221"]
[BlackElo "2400"]
[PlyCount "111"]
[EventDate "2023.10.28"]
[EventType "team-tourn"]
[EventRounds "9"]
[EventCountry "HUN"]
[Source "chess.hu"]
[WhiteTeam "Viadukt Biatorbagy"]
[BlackTeam "Sentimento Ajka BSK"]
[WhiteTeamCountry "HUN"]
[BlackTeamCountry "HUN"]

1. Nf3 d5 2. g3 c6 3. Bg2 Bg4 4. d4 Nd7 5. Nbd2 Ngf6 6. O-O e6 7. Re1 Bd6 8. e4
dxe4 9. Nxe4 Nxe4 10. Rxe4 Nf6 11. Re1 O-O 12. h3 Bh5 13. c4 Qe7 14. Qe2 Rfd8
15. a3 Bc7 16. Be3 a5 17. Qc2 Bg6 18. Qa4 h6 19. Ne5 Be4 20. Nf3 Rdb8 21. Nd2
b5 22. Qd1 Bxg2 23. Kxg2 bxc4 24. Nxc4 a4 25. Rc1 Nd5 26. Rc2 Qf6 27. Qf3 Qg6
28. Rec1 Rb3 29. Nd2 Rd3 30. Nf1 Bf4 31. Kh2 Bxe3 32. Nxe3 Rb3 33. Re2 Rab8 34.
Rcc2 Qd3 35. Red2 Qa6 36. Qe2 Qb6 37. Nc4 Qc7 38. Ne5 Ne7 39. Qa6 R8b6 40. Qxa4
f6 41. Nc4 R6b5 42. Ne3 Qd6 43. Nd1 Rf3 44. Rc3 Rff5 45. Ne3 Rg5 46. Qd1 Nf5
47. Nxf5 Rbxf5 48. Rf3 Rd5 49. Re3 h5 50. Re4 c5 51. Qe1 cxd4 52. Rxe6 Qc7 53.
Re8+ Kf7 54. Qe6+ Kg6 55. Qe4+ Kf7 56. Rc2 1/2-1/2

[Event "Szuperliga - GM Szabo Laszlo"]
[Site "Ajka"]
[Date "2024.05.12"]
[Round "9.10"]
[White "Gaal, Zsoka"]
[Black "Toth-Goczo, Melinda"]
[Result "1-0"]
[WhiteElo "2374"]
[BlackElo "2183"]
[PlyCount "67"]
[EventDate "2023.10.28"]
[EventType "team-tourn"]
[EventRounds "9"]
[EventCountry "HUN"]
[Source "chess.hu"]
[WhiteTeam "Sentimento Ajka BSK"]
[BlackTeam "Viadukt Biatorbagy"]
[WhiteTeamCountry "HUN"]
[BlackTeamCountry "HUN"]

1. d4 f5 2. c4 g6 3. Nf3 Nf6 4. g3 Bg7 5. Bg2 O-O 6. O-O d6 7. Nc3 c6 8. Re1
Ne4 9. Qc2 Nxc3 10. bxc3 e5 11. dxe5 dxe5 12. Ba3 Re8 13. e4 f4 14. Rad1 Qf6
15. Rd6 Qf7 16. Ng5 Qc7 17. c5 Bf8 18. Qb3+ Kg7 19. Red1 Qe7 20. gxf4 exf4 21.
h4 h6 22. Nf3 Bg4 23. e5 Nd7 24. e6 Nf6 25. Rd7 Nxd7 26. Rxd7 Qxd7 27. exd7
Bxd7 28. c4 Kh7 29. h5 Rab8 30. hxg6+ Kg8 31. Bb2 Bf5 32. Qc3 Bxg6 33. Qh8+ Kf7
34. Qf6+ 1-0

[Event "Szuperliga - GM Szabo Laszlo"]
[Site "Szombathely"]
[Date "2024.05.12"]
[Round "9.1"]
[White "Mihok, Oliver"]
[Black "Babula, Vlastimil"]
[Result "1-0"]
[WhiteElo "2528"]
[BlackElo "2529"]
[PlyCount "47"]
[EventDate "2023.10.28"]
[EventType "team-tourn"]
[EventRounds "9"]
[EventCountry "HUN"]
[Source "chess.hu"]
[WhiteTeam "Duocor-Makoi SVSE"]
[BlackTeam "Haladas VSE"]
[WhiteTeamCountry "HUN"]
[BlackTeamCountry "HUN"]

1. e4 c5 2. Nf3 d6 3. d4 cxd4 4. Nxd4 Nf6 5. Nc3 Nc6 6. Bg5 e6 7. Qd2 a6 8.
Nxc6 bxc6 9. O-O-O h6 10. Bf4 d5 11. Qe3 Be7 12. Be2 O-O 13. h4 c5 14. Bxh6
gxh6 15. Qxh6 Nh7 16. exd5 Qd6 17. Rh3 Kh8 18. Ne4 Qe5 19. d6 Bd8 20. f4 Qg7
21. Qxg7+ Kxg7 22. Nxc5 Bb6 23. Rg3+ Kh8 24. d7 1-0

[Event "Szuperliga - GM Szabo Laszlo"]
[Site "Szombathely"]
[Date "2024.05.12"]
[Round "9.2"]
[White "Hera, Imre Jr"]
[Black "Csonka, Balazs"]
[Result "1/2-1/2"]
[WhiteElo "2542"]
[BlackElo "2480"]
[PlyCount "60"]
[EventDate "2023.10.28"]
[EventType "team-tourn"]
[EventRounds "9"]
[EventCountry "HUN"]
[Source "chess.hu"]
[WhiteTeam "Haladas VSE"]
[BlackTeam "Duocor-Makoi SVSE"]
[WhiteTeamCountry "HUN"]
[BlackTeamCountry "HUN"]

1. d4 d5 2. c4 e6 3. Nc3 Nf6 4. cxd5 Nxd5 5. e4 Nxc3 6. bxc3 c5 7. Rb1 Be7 8.
Nf3 O-O 9. h4 b6 10. h5 h6 11. Rh3 Nd7 12. Rg3 Kh8 13. Qd2 cxd4 14. Rxg7 Kxg7
15. Qxh6+ Kg8 16. e5 Nc5 17. Ng5 Bxg5 18. Bxg5 Qd5 19. Bf6 Qe4+ 20. Kd2 dxc3+
21. Kxc3 Na4+ 22. Kd2 Rd8+ 23. Bxd8 Qd4+ 24. Bd3 Qxf2+ 25. Kd1 Nc3+ 26. Kc1
Nxa2+ 27. Kd1 Nc3+ 28. Kc1 Na2+ 29. Kd1 Nc3+ 30. Kc1 Na2+ 1/2-1/2

[Event "Szuperliga - GM Szabo Laszlo"]
[Site "Szombathely"]
[Date "2024.05.12"]
[Round "9.3"]
[White "Kosic, Dragan"]
[Black "Ruck, Robert"]
[Result "1/2-1/2"]
[WhiteElo "2366"]
[BlackElo "2531"]
[PlyCount "180"]
[EventDate "2023.10.28"]
[EventType "team-tourn"]
[EventRounds "9"]
[EventCountry "HUN"]
[Source "chess.hu"]
[WhiteTeam "Duocor-Makoi SVSE"]
[BlackTeam "Haladas VSE"]
[WhiteTeamCountry "HUN"]
[BlackTeamCountry "HUN"]

1. d4 Nf6 2. Nf3 g6 3. Bg5 Bg7 4. Nbd2 O-O 5. c3 d5 6. e3 Nbd7 7. Be2 c5 8. O-O
b6 9. a4 Bb7 10. Bh4 a6 11. Qb3 Bc6 12. Ne5 Nxe5 13. dxe5 Nd7 14. f4 c4 15. Qa3
Nc5 16. a5 Re8 17. Rad1 Qc7 18. Bf2 Nd3 19. axb6 Qxb6 20. Bxd3 cxd3 21. Nf3 a5
22. Nd4 Bb7 23. Rd2 e6 24. Ra1 Bf8 25. Qb3 Qxb3 26. Nxb3 a4 27. Nc1 a3 28. bxa3
Rxa3 29. Rxa3 Bxa3 30. Nxd3 Rc8 31. Rc2 Ba6 32. Ne1 Bc4 33. h3 Bb3 34. Rd2 Bc1
35. Rd4 Rxc3 36. Rd3 Rxd3 37. Nxd3 Bd2 38. Nc5 Bc4 39. Nd7 h6 40. h4 Kg7 41.
Nf6 Be2 42. g4 h5 43. Kg2 Bxg4 44. Nxg4 hxg4 45. Kg3 Kh7 46. Kxg4 Kh6 47. Kf3
Kh5 48. Kg3 Bc1 49. Kf3 Bd2 50. Kg3 Ba5 51. Kh3 Bd8 52. Be1 Bb6 53. Bf2 Bc5 54.
Kg3 Be7 55. Kh3 f6 56. exf6 Bxf6 57. Be1 Bd8 58. Bf2 Bc7 59. Bg3 Bd6 60. Bh2
Bb4 61. Bg3 Bd2 62. Bf2 d4 63. exd4 Bxf4 64. Bg3 Bd2 65. Bd6 Ba5 66. Bb8 Bb6
67. Be5 Bd8 68. Bg3 Be7 69. Be1 Bd6 70. Bg3 Bf8 71. Be5 Bh6 72. Bd6 Bd2 73. Bg3
Bc3 74. Be5 Be1 75. Bg3 Bb4 76. Bc7 Be7 77. Bg3 Bd8 78. Be1 Bb6 79. Bc3 Ba7 80.
Bb2 Bb8 81. Bc1 Bc7 82. Bd2 Bd8 83. Be1 Be7 84. Bg3 Bb4 85. Bc7 Bd2 86. Bg3 Bb4
87. Bc7 Be7 88. Bg3 Bd8 89. Be1 Be7 90. Bg3 Bd8 1/2-1/2

[Event "Szuperliga - GM Szabo Laszlo"]
[Site "Szombathely"]
[Date "2024.05.12"]
[Round "9.4"]
[White "Nemeth, Miklos"]
[Black "Kovacevic, Aleksandar"]
[Result "1/2-1/2"]
[WhiteElo "2444"]
[BlackElo "2489"]
[PlyCount "60"]
[EventDate "2023.10.28"]
[EventType "team-tourn"]
[EventRounds "9"]
[EventCountry "HUN"]
[Source "chess.hu"]
[WhiteTeam "Haladas VSE"]
[BlackTeam "Duocor-Makoi SVSE"]
[WhiteTeamCountry "HUN"]
[BlackTeamCountry "HUN"]

1. e4 e5 2. Nf3 Nf6 3. Nxe5 d6 4. Nc4 Nxe4 5. Qe2 Qe7 6. Ne3 Nf6 7. b3 Be6 8.
Bb2 Nc6 9. g3 O-O-O 10. Bg2 d5 11. d4 Qd7 12. Nd2 Bh3 13. Bxh3 Qxh3 14. O-O-O
Bb4 15. Nf3 Qe6 16. a3 Bd6 17. Rhe1 Rhe8 18. Nh4 Qe7 19. Nhf5 Qf8 20. Nxd6+
Qxd6 21. Qf1 Qd7 22. f3 Re7 23. Ng2 Qh3 24. Qf2 Rde8 25. Nf4 Qf5 26. Rxe7 Rxe7
27. Nd3 Qg5+ 28. Qd2 Qe3 29. Rf1 Qxd2+ 30. Kxd2 Nd8 1/2-1/2

[Event "Szuperliga - GM Szabo Laszlo"]
[Site "Szombathely"]
[Date "2024.05.12"]
[Round "9.5"]
[White "Hujbert, Florian"]
[Black "Polak, Tomas"]
[Result "1/2-1/2"]
[WhiteElo "2415"]
[BlackElo "2524"]
[PlyCount "42"]
[EventDate "2023.10.28"]
[EventType "team-tourn"]
[EventRounds "9"]
[EventCountry "HUN"]
[Source "chess.hu"]
[WhiteTeam "Duocor-Makoi SVSE"]
[BlackTeam "Haladas VSE"]
[WhiteTeamCountry "HUN"]
[BlackTeamCountry "HUN"]

1. Nf3 Nf6 2. c4 e6 3. Nc3 d5 4. e3 a6 5. b3 c5 6. cxd5 exd5 7. Bb2 Nc6 8. d4
Bg4 9. dxc5 Bxc5 10. Be2 O-O 11. O-O Qd6 12. h3 Bxf3 13. Bxf3 Rad8 14. Ne2 Ba7
15. Nd4 Bb8 16. g3 Ne5 17. Bg2 Rfe8 18. Nf3 Nc6 19. Nd4 Ne5 20. Nf3 Nc6 21. Nd4
Ne5 1/2-1/2

[Event "Szuperliga - GM Szabo Laszlo"]
[Site "Szombathely"]
[Date "2024.05.12"]
[Round "9.6"]
[White "Kovacs, Gabor"]
[Black "Horvath, Zsolt"]
[Result "1-0"]
[WhiteElo "2390"]
[BlackElo "2385"]
[PlyCount "105"]
[EventDate "2023.10.28"]
[EventType "team-tourn"]
[EventRounds "9"]
[EventCountry "HUN"]
[Source "chess.hu"]
[WhiteTeam "Haladas VSE"]
[BlackTeam "Duocor-Makoi SVSE"]
[WhiteTeamCountry "HUN"]
[BlackTeamCountry "HUN"]

1. d4 Nf6 2. c4 e6 3. Nc3 Bb4 4. e3 O-O 5. Bd2 c5 6. a3 Bxc3 7. Bxc3 Ne4 8. Rc1
b6 9. Nf3 Bb7 10. Be2 d6 11. O-O Nd7 12. Be1 f5 13. Nd2 Nxd2 14. Qxd2 Nf6 15.
f3 Qe7 16. b4 Rad8 17. Qb2 Nh5 18. dxc5 dxc5 19. bxc5 Qxc5 20. Bf2 Bc6 21. Rfd1
Ba4 22. Rd4 Rc8 23. Rh4 Nf6 24. e4 Qc6 25. exf5 exf5 26. c5 Kh8 27. Bd4 b5 28.
Bd3 g6 29. Re1 Rc7 30. Qa2 Rcf7 31. Re6 Qc8 32. Qe2 Kg8 33. Rd6 a6 34. Qa2 Kh8
35. Qb2 Kg7 36. Qd2 Qc7 37. Qh6+ Kg8 38. Qe3 Re7 39. Qd2 Ref7 40. Bb1 Bb3 41.
Qc3 Bc4 42. Rxf6 Rxf6 43. Bxf6 Qxc5+ 44. Bd4 Qe7 45. Bf2 Rd8 46. Rd4 Rxd4 47.
Bxd4 Qe2 48. Qc1 Kf7 49. Bc3 Qe7 50. Kh1 Kg8 51. h3 Kf7 52. Qb2 Qe6 53. Qd2 1-0

[Event "Szuperliga - GM Szabo Laszlo"]
[Site "Szombathely"]
[Date "2024.05.12"]
[Round "9.7"]
[White "Szalai, Kornel"]
[Black "Borhy, Marcell"]
[Result "1/2-1/2"]
[WhiteElo "2382"]
[BlackElo "2368"]
[PlyCount "71"]
[EventDate "2023.10.28"]
[EventType "team-tourn"]
[EventRounds "9"]
[EventCountry "HUN"]
[Source "chess.hu"]
[WhiteTeam "Duocor-Makoi SVSE"]
[BlackTeam "Haladas VSE"]
[WhiteTeamCountry "HUN"]
[BlackTeamCountry "HUN"]

1. Nf3 d5 2. e3 Nf6 3. c4 e6 4. b3 c5 5. Bb2 Nc6 6. g3 d4 7. exd4 cxd4 8. Bg2
Bd6 9. O-O e5 10. d3 O-O 11. Na3 Re8 12. Nc2 a5 13. Rb1 Ra6 14. Ng5 Bg4 15. Qd2
Nd7 16. h3 Bh5 17. Ne4 Bf8 18. Ba3 f5 19. Nd6 Bxd6 20. Bxd6 Qf6 21. c5 e4 22.
Rfe1 Bg6 23. Rbd1 Bh5 24. dxe4 Bxd1 25. Qxd1 Raa8 26. f4 fxe4 27. Bxe4 Rxe4 28.
Rxe4 Nxc5 29. Bxc5 Qf5 30. Qe2 Qxc5 31. Re8+ Rxe8 32. Qxe8+ Qf8 33. Qd7 Qc5 34.
Qe8+ Qf8 35. Qd7 Qc5 36. Qe8+ 1/2-1/2

[Event "Szuperliga - GM Szabo Laszlo"]
[Site "Szombathely"]
[Date "2024.05.12"]
[Round "9.8"]
[White "Gombocz, Ferenc Jr"]
[Black "Tatar Kis, Szabolcs"]
[Result "1-0"]
[WhiteElo "2356"]
[BlackElo "2337"]
[PlyCount "85"]
[EventDate "2023.10.28"]
[EventType "team-tourn"]
[EventRounds "9"]
[EventCountry "HUN"]
[Source "chess.hu"]
[WhiteTeam "Haladas VSE"]
[BlackTeam "Duocor-Makoi SVSE"]
[WhiteTeamCountry "HUN"]
[BlackTeamCountry "HUN"]

1. d4 Nf6 2. Nf3 g6 3. Nc3 d5 4. Bf4 Bg7 5. Nb5 Na6 6. e3 O-O 7. h3 c6 8. Nc3
Qb6 9. Rb1 Bf5 10. Bd3 Bxd3 11. cxd3 c5 12. Be5 Rfd8 13. O-O Ne8 14. Na4 Qb5
15. Bxg7 Nxg7 16. Nxc5 Nxc5 17. dxc5 Qxc5 18. Qb3 Qb6 19. Qxb6 axb6 20. a3 Rdc8
21. Rfc1 Kf8 22. Kf1 Ke8 23. Ke2 f6 24. Kd2 Kd7 25. Nd4 e5 26. Nb5 Rc6 27. Nc3
Kd6 28. Nb5+ Kd7 29. Nc3 Kd6 30. e4 dxe4 31. dxe4 Ne6 32. Nd5 Nc5 33. Ke3 f5
34. f3 f4+ 35. Ke2 Rac8 36. Nxb6 Rxb6 37. b4 Ra6 38. bxc5+ Rxc5 39. Rxc5 Kxc5
40. Rxb7 Rxa3 41. Rxh7 Ra2+ 42. Kf1 Kd4 43. Rh6 1-0

[Event "Szuperliga - GM Szabo Laszlo"]
[Site "Szombathely"]
[Date "2024.05.12"]
[Round "9.9"]
[White "Mihok-Juhasz, Barbara"]
[Black "Lakos, Nikoletta"]
[Result "1/2-1/2"]
[WhiteElo "2201"]
[BlackElo "2209"]
[PlyCount "63"]
[EventDate "2023.10.28"]
[EventType "team-tourn"]
[EventRounds "9"]
[EventCountry "HUN"]
[Source "chess.hu"]
[WhiteTeam "Duocor-Makoi SVSE"]
[BlackTeam "Haladas VSE"]
[WhiteTeamCountry "HUN"]
[BlackTeamCountry "HUN"]

1. e4 c5 2. Nf3 Nc6 3. d4 cxd4 4. Nxd4 Qb6 5. Nb3 Nf6 6. Nc3 e6 7. a3 Be7 8.
Be3 Qc7 9. f4 d6 10. g4 a6 11. g5 Nd7 12. Bd3 b5 13. h4 Bb7 14. Qe2 Nc5 15. Qf2
b4 16. axb4 Nxb3 17. cxb3 Nxb4 18. Rd1 Bc6 19. Bb1 d5 20. O-O dxe4 21. Bxe4
Bxe4 22. Nxe4 Qc6 23. Nc3 O-O 24. Rd2 Rad8 25. Rfd1 Rxd2 26. Rxd2 f6 27. Qg2
Qxg2+ 28. Kxg2 Rd8 29. Rxd8+ Bxd8 30. Kf3 Kf7 31. h5 Bc7 32. Ke4 1/2-1/2